Electronics engineering (Record no. 4953)

MARC details
000 -LEADER
fixed length control field 00503nam a2200145Ia 4500
003 - CONTROL NUMBER IDENTIFIER
control field SGT
082 ## - DEWEY DECIMAL CLASSIFICATION NUMBER
Classification number 621.381
Item number GUP
100 ## - MAIN ENTRY--PERSONAL NAME
Personal name Gupta,Navneet
245 ## - TITLE STATEMENT
Title Electronics engineering
260 ## - PUBLICATION, DISTRIBUTION, ETC. (IMPRINT)
Name of publisher, distributor, etc Dhanpat Rai & Co.
Place of publication, distribution, etc N. Delhi
Year of Publication 2010
300 ## - PAGE DESCRIPTION
No. of Pages 923p.
650 ## - SUBJECT ADDED ENTRY--TOPICAL TERM
Topical term or geographic name as entry element Electronics engineering
653 ## - KEYWORDS--INDEX TERM
Keyword term INTRODUCTION TO ELECTRONICS ENGINEERING,BASICS OF ELECTRONICS ENGINEERING,SEMICONDUCTOR DIODES,DIODE APPLICATIONS,BREAKDOWN DIODES,TRANSISTOR AS AN AMPLIFIER,FIELD EFFECT TRANSISTOR
942 ## - ADDED ENTRY ELEMENTS (KOHA)
Source of classification or shelving scheme Dewey Decimal Classification
Koha item type Books
Holdings
Withdrawn status Lost status Source of classification or shelving scheme Damaged status Not for loan Home library Current library Date acquired SGTU Total Checkouts Total Renewals Full call number Accession No. (Barcode) Date last seen Date last borrowed Bill Date Koha item type Use restrictions Collection code Shelving location
    Dewey Decimal Classification     SGT Engineering Library SGT Engineering Library 28/04/2010 SGTU 16 3 621.381 GUP FE1929 13/12/2019 11/12/2019 09/02/2015 Books      
    Dewey Decimal Classification   Not For Loan SGT Engineering Library SGT Engineering Library 28/04/2010 SGTU 1   621.381 GUP FE1930 09/08/2019 09/08/2019 09/02/2015 Books Restricted Access ENGINEERING Reference Book
    Dewey Decimal Classification     SGT Engineering Library SGT Engineering Library 28/04/2010 SGTU     621.381 GUP FE1931 09/02/2015   09/02/2015 Books